[Event "Rilton Cup 2013-14"]
[Site "Stockholm SWE"]
[Date "2013.12.28"]
[Round "2.17"]
[White "Mihok, Oliver"]
[Black "Krantz, Christopher"]
[Result "1-0"]
[WhiteTitle "IM"]
[WhiteElo "2466"]
[BlackElo "2233"]
[WhiteFideId "728012"]
[BlackFideId "1707876"]
[EventDate "2013.12.27"]

1. e4 e6 2. d4 d5 3. Nc3 Nf6 4. Bg5 dxe4 5. Nxe4 Nbd7 6. Nf3 h6 7. Nxf6+ Nxf6 8.
Be3 Bd6 9. Bd3 b6 10. Qe2 Bb7 11. O-O-O O-O 12. Ne5 c5 13. Nc4 cxd4 14. Nxd6
Qxd6 15. Bxd4 Nd5 16. Be5 Qe7 17. h4 Rfd8 18. Qe4 f5 19. Qe2 Nb4 20. Bc4 Bd5 21.
a3 Bxc4 22. Qxc4 Nd5 23. Rd3 Rac8 24. Qb3 Qc5 25. Bd4 Qc4 26. Qxc4 Rxc4 27. Be5
Rdc8 28. Rg3 Rxc2+ 29. Kb1 Rxf2 30. Rxg7+ Kf8 31. Rh7 Rc6 32. Rxh6 Re2 33. Bd4
Rd2 34. Be5 Re2 35. Bd4 Rd2 36. Bh8 Rxg2 37. h5 Nf4 38. Bd4 Rcc2 39. Rh8+ Kf7
40. h6 Rh2 41. Rf1 Nd5 42. h7 Rcg2 43. Rc1 Rg4 44. Be5 Rh6 45. Rcc8 Kg6 46.
Rcg8+ Kf7 47. Ra8 Kg6 48. Rxa7 f4 49. Rg8+ Kf5 50. Rxg4 Kxe5 51. Rg8 Ke4 52.
h8=Q Rxh8 53. Rxh8 e5 54. Kc2 Ke3 55. Rh5 1-0

[Event "Rilton Cup 2013-14"]
[Site "Stockholm SWE"]
[Date "2013.12.28"]
[Round "2.18"]
[White "Eggleston, David J"]
[Black "Puzko, Danila"]
[Result "1-0"]
[WhiteTitle "FM"]
[WhiteElo "2434"]
[BlackElo "2129"]
[WhiteFideId "412120"]
[BlackFideId "24153745"]
[EventDate "2013.12.27"]

1. e4 e6 2. d4 d5 3. Nc3 Bb4 4. e5 c5 5. a3 Bxc3+ 6. bxc3 Ne7 7. Qg4 cxd4 8.
Qxg7 Rg8 9. Qxh7 Qc7 10. Ne2 Nbc6 11. f4 Bd7 12. Qd3 dxc3 13. Qxc3 Nf5 14. Rb1
d4 15. Qd3 O-O-O 16. Rg1 Na5 17. g4 Ba4 18. gxf5 Bxc2 19. Qb5 Rxg1 20. Nxg1 Bxb1
21. Qxb1 Qc3+ 22. Bd2 Qxa3 23. fxe6 fxe6 24. Bh3 Kb8 25. Bxe6 Nc6 26. Qb3 Qc5
27. Nf3 b5 28. Bf5 Kb7 29. Bd3 Kb6 30. Ng5 Na5 31. Qe6+ Nc6 32. Be4 1-0

[Event "Rilton Cup 2013-14"]
[Site "Stockholm SWE"]
[Date "2013.12.28"]
[Round "2.19"]
[White "Bejtovic, Jasmin"]
[Black "Soderberg, Per"]
[Result "1-0"]
[WhiteTitle "IM"]
[WhiteElo "2402"]
[BlackElo "2183"]
[WhiteFideId "14400936"]
[BlackFideId "1702904"]
[EventDate "2013.12.27"]

1. Nf3 c5 2. c4 Nc6 3. g3 g6 4. Bg2 Bg7 5. Nc3 Nf6 6. d4 cxd4 7. Nxd4 O-O 8. O-O
Qb6 9. Nc2 d6 10. b3 Bd7 11. Bg5 Qd8 12. Rc1 h6 13. Bd2 Kh7 14. e4 Ne8 15. Ne3
Rb8 16. h4 Qc8 17. Ncd5 Bh3 18. Bc3 e5 19. h5 Bxg2 20. Kxg2 Qe6 21. Qf3 Nd4 22.
Bxd4 exd4 23. Nf4 Qd7 24. Ned5 Nc7 25. Nxc7 Qxc7 26. Qg4 g5 27. Qf5+ Kh8 28. Nd3
b6 29. f4 g4 30. Qxg4 f5 31. exf5 Qd7 32. Rce1 Rxf5 33. Qf3 Rbf8 34. Re2 b5 35.
cxb5 Qxb5 36. g4 R5f7 37. Rc1 a5 38. Rc6 Qb8 39. Qd5 Qd8 40. Rxd6 Qh4 41. Rg6
Rf6 42. Qf3 1-0

[Event "Rilton Cup 2013-14"]
[Site "Stockholm SWE"]
[Date "2013.12.28"]
[Round "2.20"]
[White "Annenkov, Kirill"]
[Black "Tsyhanchuk, Stanislav"]
[Result "0-1"]
[WhiteTitle "FM"]
[BlackTitle "IM"]
[WhiteElo "2232"]
[BlackElo "2398"]
[WhiteFideId "4129733"]
[BlackFideId "13505130"]
[EventDate "2013.12.27"]

1. d4 Nf6 2. c4 c6 3. Nc3 d5 4. cxd5 cxd5 5. Bf4 a6 6. e3 Nc6 7. Bd3 g6 8. h3
Bg7 9. Nf3 O-O 10. O-O b5 11. Rc1 Bb7 12. Ne5 Rc8 13. a4 b4 14. Na2 a5 15. Qe2
Qb6 16. g4 Nxe5 17. Bxe5 Ne4 18. Bxg7 Kxg7 19. Bxe4 dxe4 20. Qd2 Bd5 21. Rxc8
Rxc8 22. Rc1 Rc6 23. Rxc6 Qxc6 24. Nc1 Qxa4 25. Ne2 Qc6 26. Nf4 e6 27. g5 Qc4
28. Qd1 Bc6 29. b3 Qc3 30. Kg2 Bd5 31. Qe2 Bxb3 32. Qb5 Qc7 33. h4 Bd1 34. Kh2
b3 35. Kg3 Bf3 36. Kh2 a4 37. Qxa4 Qb8 38. d5 b2 39. dxe6 b1=Q 40. Qd4+ Kg8 41.
exf7+ Kxf7 42. Qf6+ Ke8 0-1

[Event "Rilton Cup 2013-14"]
[Site "Stockholm SWE"]
[Date "2013.12.28"]
[Round "2.21"]
[White "Norlin, Egor"]
[Black "Jacobsen, Bo"]
[Result "1-0"]
[WhiteElo "2125"]
[BlackElo "2302"]
[WhiteFideId "1713973"]
[BlackFideId "1400738"]
[EventDate "2013.12.27"]

1. d4 Nf6 2. c4 c5 3. d5 e5 4. Nc3 d6 5. e4 Nbd7 6. Nf3 Be7 7. g3 h5 8. Bg2 Nf8
9. Bg5 Ng6 10. Bxf6 gxf6 11. Qc2 h4 12. O-O-O Bd7 13. Nd2 Qc8 14. Bf1 f5 15.
exf5 Bxf5 16. Bd3 Bxd3 17. Qxd3 Qd7 18. Rhf1 O-O-O 19. f4 hxg3 20. hxg3 exf4 21.
gxf4 f5 22. Rde1 Rh4 23. Ne2 Bf6 24. Rf2 Rg4 25. Rh1 Rf8 26. Rff1 Bg7 27. Rhg1
Qf7 28. Rxg4 fxg4 29. Ne4 Rd8 30. Kc2 Bh6 31. f5 Ne5 32. Qc3 Nf3 33. Qf6 Qxf6
34. Nxf6 Ne5 35. b3 Rf8 36. Ne4 Kc7 37. N2g3 Be3 38. Rh1 Bf4 39. Rh7+ Rf7 40.
Rxf7+ Nxf7 41. Kd3 Kd7 42. Nh5 Be5 43. Nhf6+ 1-0

[Event "Rilton Cup 2013-14"]
[Site "Stockholm SWE"]
[Date "2013.12.28"]
[Round "2.22"]
[White "Aroven, Mikael"]
[Black "Furhoff, Johan"]
[Result "0-1"]
[BlackTitle "IM"]
[WhiteElo "2045"]
[BlackElo "2318"]
[WhiteFideId "1709534"]
[BlackFideId "1701797"]
[EventDate "2013.12.27"]

1. e4 e5 2. Nf3 Nc6 3. Bb5 a6 4. Bxc6 dxc6 5. O-O f6 6. d4 Bg4 7. dxe5 Qxd1 8.
Rxd1 fxe5 9. Rd3 Bd6 10. Nbd2 Nf6 11. b3 O-O 12. Bb2 Rae8 13. h3 Bh5 14. Re1 b5
15. Nh4 Nd7 16. Nf5 Nc5 17. Rc3 a5 18. a3 Rf6 19. g4 Bf7 20. g5 Rfe6 21. Nf3 Bf8
22. Kg2 a4 23. Nh2 axb3 24. cxb3 Rd8 25. b4 Nd3 26. Rb1 c5 27. Kf1 c4 28. Nf3
Bh5 29. Ng1 Rg6 30. h4 h6 31. f3 hxg5 32. Rxd3 Rxd3 33. Bxe5 Bxf3 34. Nxf3 Rxf3+
35. Ke2 Rxa3 36. h5 Re6 37. Bd4 Rxe4+ 0-1

[Event "Rilton Cup 2013-14"]
[Site "Stockholm SWE"]
[Date "2013.12.28"]
[Round "2.23"]
[White "Ornstein, Axel"]
[Black "Janse, Love"]
[Result "1-0"]
[WhiteTitle "IM"]
[WhiteElo "2334"]
[BlackElo "2190"]
[WhiteFideId "1700111"]
[BlackFideId "1707647"]
[EventDate "2013.12.27"]

1. e4 e6 2. d4 d5 3. Nd2 c5 4. exd5 Qxd5 5. Ngf3 cxd4 6. Bc4 Qd6 7. O-O Nf6 8.
Nb3 Nc6 9. Nbxd4 Nxd4 10. Qxd4 Bd7 11. Bf4 Qxd4 12. Nxd4 Rc8 13. Be2 Bc5 14. Nb3
Bb6 15. c4 Bc6 16. Rfd1 O-O 17. Nd4 Be4 18. Nb5 Bc6 19. Nd6 Rcd8 20. b4 a6 21.
a4 Ne4 22. Nxe4 Bxe4 23. c5 Ba7 24. Bd6 Rfe8 25. b5 a5 26. b6 Bb8 27. Bb5 Bc6
28. Bxc6 bxc6 29. Bxb8 Rxb8 30. Rd6 Rbc8 31. Rb1 1-0

[Event "Rilton Cup 2013-14"]
[Site "Stockholm SWE"]
[Date "2013.12.28"]
[Round "2.24"]
[White "Orndahl, Markus"]
[Black "Von Bahr, Oskar"]
[Result "1/2-1/2"]
[BlackTitle "FM"]
[WhiteElo "2206"]
[BlackElo "2298"]
[WhiteFideId "1709135"]
[BlackFideId "1703250"]
[EventDate "2013.12.27"]

1. e4 e5 2. d4 exd4 3. Qxd4 Nc6 4. Qe3 g6 5. Nc3 Bg7 6. Bd2 Nf6 7. O-O-O O-O 8.
f3 d6 9. Qf2 Be6 10. Bg5 h6 11. Be3 a6 12. h4 Ne5 13. Nh3 b5 14. Qd2 h5 15. Nf4
Bc4 16. b3 Bxf1 17. Rdxf1 Re8 18. Rd1 a5 19. a4 bxa4 20. Nxa4 Qd7 21. Bd4 Bh6
22. Qe3 Rab8 23. g3 Rb4 24. Qc3 Rxa4 25. bxa4 Qxa4 26. Qb3 Qc6 27. Rhf1 Nfd7 28.
Qd5 Qa4 29. Qb3 Qc6 30. Qd5 Qa4 31. Qb3 Qc6 1/2-1/2

[Event "Rilton Cup 2013-14"]
[Site "Stockholm SWE"]
[Date "2013.12.28"]
[Round "2.25"]
[White "Evertsson, Lennart"]
[Black "Luukkonen, Tommi"]
[Result "1/2-1/2"]
[BlackTitle "FM"]
[WhiteElo "2186"]
[BlackElo "2285"]
[WhiteFideId "1705156"]
[BlackFideId "501808"]
[EventDate "2013.12.27"]

1. c4 c5 2. Nc3 Nf6 3. Nf3 e6 4. e3 d5 5. d4 Nc6 6. a3 cxd4 7. exd4 Be7 8. Bf4
O-O 9. Rc1 Ne4 10. Ne5 Nxd4 11. Nxe4 dxe4 12. c5 f6 13. Ng4 e5 14. Bd2 Be6 15.
Rc3 Qd7 16. h3 Rad8 17. b4 Kh8 18. Be2 Bb3 19. Qc1 Nxe2 20. Kxe2 Qb5+ 21. Ke1
Rd3 22. h4 Rfd8 23. Rxd3 exd3 24. Ne3 Be6 25. h5 h6 26. Qa1 a5 27. f3 Ra8 28.
Qc3 axb4 29. axb4 Ra2 30. g4 b6 31. g5 bxc5 32. gxh6 gxh6 33. Rh2 c4 34. Rg2
Rxd2 35. Rxd2 Bxb4 36. Qa1 c3 37. Rg2 c2+ 38. Kf2 Qa5 39. Nxc2 dxc2 40. Qc1 Bd2
41. Qxc2 Qb6+ 42. Kg3 Bf4+ 43. Kh4 Qe3 44. Qc8+ 1/2-1/2

[Event "Rilton Cup 2013-14"]
[Site "Stockholm SWE"]
[Date "2013.12.28"]
[Round "2.26"]
[White "Adler, Bo"]
[Black "Henriksson, Johan"]
[Result "1-0"]
[BlackTitle "FM"]
[WhiteElo "2168"]
[BlackElo "2266"]
[WhiteFideId "1702149"]
[BlackFideId "1703560"]
[EventDate "2013.12.27"]

1. d4 d5 2. c4 c6 3. Nc3 Nf6 4. Nf3 a6 5. b3 g6 6. e3 Bg7 7. Be2 O-O 8. O-O b5
9. Ne5 Bb7 10. Nd3 Nbd7 11. cxd5 cxd5 12. a4 Ne4 13. Bb2 Rc8 14. Qe1 Qb6 15.
axb5 axb5 16. Nb4 Nxc3 17. Bxc3 Ra8 18. Nd3 Rxa1 19. Qxa1 Ra8 20. Qb2 e6 21. Bb4
Bf8 22. Bxf8 Kxf8 23. b4 Qa7 24. Nc5 Bc6 25. Qc3 Nxc5 26. Rc1 Kg8 27. Bf1 Be8
28. bxc5 Bc6 29. g3 Qa2 30. Rc2 Qb1 31. Rb2 Qa1 32. Qd2 h5 33. h4 Kf8 34. Kg2
Qa5 35. Rb4 Ke7 36. Qb2 Rb8 37. Bd3 Ra8 38. Rb3 Ra7 39. Bxb5 Rb7 40. Bxc6 1-0

[Event "Rilton Cup 2013-14"]
[Site "Stockholm SWE"]
[Date "2013.12.28"]
[Round "2.27"]
[White "Cederstam-Barsk, Carl"]
[Black "Marzano, Carlo"]
[Result "1/2-1/2"]
[WhiteElo "2256"]
[BlackElo "2166"]
[WhiteFideId "1713329"]
[BlackFideId "802980"]
[EventDate "2013.12.27"]

1. e4 e5 2. Nf3 Nf6 3. Nxe5 Nxe4 4. Qe2 Qe7 5. Qxe4 d6 6. d4 dxe5 7. dxe5 Nc6 8.
Bb5 Bd7 9. Nc3 O-O-O 10. O-O Nxe5 11. Bf4 Ng6 12. Qa4 Nxf4 13. Qxa7 c6 14. Ba6
bxa6 15. Na4 Nd5 16. Qa8+ Kc7 17. Qa7+ Kc8 18. Qa8+ Kc7 19. Qa7+ Kc8 20. Qa8+ 1/2-1/2

[Event "Rilton Cup 2013-14"]
[Site "Stockholm SWE"]
[Date "2013.12.28"]
[Round "2.28"]
[White "Gamback, Bjorn"]
[Black "Nielsen, Rogvi Egilstoft"]
[Result "0-1"]
[WhiteElo "2142"]
[BlackElo "2252"]
[WhiteFideId "1703161"]
[BlackFideId "7200447"]
[EventDate "2013.12.27"]

1. e4 c5 2. Nf3 Nc6 3. d4 cxd4 4. Nxd4 d6 5. c4 g6 6. Nc3 Bg7 7. Be3 Nf6 8. f3
O-O 9. Qd2 Re8 10. Be2 a6 11. O-O Nd7 12. Kh1 Nxd4 13. Bxd4 Bxd4 14. Qxd4 Qb6
15. Qd2 Nf6 16. f4 Qc6 17. Bd3 Nd7 18. Rae1 f6 19. b4 Kg7 20. Nd5 e6 21. Ne3 b5
22. cxb5 axb5 23. Rc1 Qb6 24. Bb1 Bb7 25. Nc2 Bxe4 26. Nd4 Bxb1 27. Rxb1 Re7 28.
Rbc1 e5 29. Nc6 Rf7 30. Rc2 Rc8 31. Rfc1 exf4 32. Qxf4 Ne5 33. Nd4 Re8 34. Qd2
Nc4 35. Qf2 Ne3 36. Rd2 Rfe7 37. h3 Re4 38. Rc6 Qb8 39. Nf3 Nc4 40. Rd4 Re2 41.
Qg3 Qb7 42. Rdxd6 Nxd6 43. Qxd6 Qf7 44. Nd4 R2e5 45. Rc7 R8e7 46. Nxb5 Rxc7 47.
Nxc7 Qxa2 48. b5 Qb1+ 49. Kh2 Qe4 50. Qd2 Re7 51. b6 Qe5+ 52. Kg1 Qc5+ 53. Kh1
Qxb6 54. Nd5 Qd6 55. Qb4 Qxb4 56. Nxb4 f5 57. Kg1 Re2 58. Kf1 Rb2 59. Nd5 g5 60.
Ne3 Kf6 61. Nd1 Ra2 62. Nc3 Rc2 63. Nd5+ Ke5 64. Ne3 Ra2 65. Nc4+ Kf4 66. Nd6 h5
67. Kg1 Ra6 68. Nc4 Rc6 69. Nd2 Rc2 70. Nf1 h4 71. Kh1 g4 72. hxg4 fxg4 73. g3+
hxg3 74. Kg1 Kf3 75. Nh2+ Rxh2 0-1

[Event "Rilton Cup 2013-14"]
[Site "Stockholm SWE"]
[Date "2013.12.28"]
[Round "2.29"]
[White "Johansson, Gunnar"]
[Black "Lochte, Thomas"]
[Result "1-0"]
[WhiteElo "2244"]
[BlackElo "2110"]
[WhiteFideId "1703501"]
[BlackFideId "4606272"]
[EventDate "2013.12.27"]

1. d4 Nf6 2. c4 e5 3. dxe5 Ng4 4. Bf4 Bb4+ 5. Nd2 d6 6. exd6 Qf6 7. e3 g5 8. Bg3
h5 9. dxc7 Nc6 10. h4 Qxb2 11. Nf3 Nge5 12. Rc1 Nxf3+ 13. gxf3 Bf5 14. Be2 O-O
15. e4 Nd4 16. hxg5 Rad8 17. cxd8=Q Rxd8 18. Bf4 Bd7 19. Rb1 Bxd2+ 20. Bxd2 Qxa2
21. Qc1 Be6 22. Qb2 Qa4 23. Bc3 Nxe2 24. Kxe2 Qxc4+ 25. Ke1 Qd3 26. Rxh5 f6 27.
Bxf6 Bc4 28. Rh8+ Kf7 29. Rxd8 1-0

[Event "Rilton Cup 2013-14"]
[Site "Stockholm SWE"]
[Date "2013.12.28"]
[Round "2.30"]
[White "Kassani, Sam"]
[Black "Ramondino, Renzo"]
[Result "0-1"]
[BlackTitle "FM"]
[WhiteElo "2095"]
[BlackElo "2242"]
[WhiteFideId "1709089"]
[BlackFideId "810304"]
[EventDate "2013.12.27"]

1. d4 Nf6 2. Nf3 g6 3. Bf4 Bg7 4. e3 O-O 5. Be2 d6 6. h3 Nfd7 7. O-O e5 8. Bh2
Nc6 9. c4 f5 10. Nc3 e4 11. Nd2 Nf6 12. Rc1 Kh8 13. Nb3 Ne7 14. d5 g5 15. Nd4
Ng6 16. Ne6 Bxe6 17. dxe6 Re8 18. c5 Rxe6 19. cxd6 cxd6 20. Bc4 d5 21. Nxd5 Nxd5
22. Bxd5 Re7 23. Qb3 Ne5 24. Rfd1 Qe8 25. Rc5 Rd8 26. Rf1 b6 27. Bc6 Nxc6 0-1

[Event "Rilton Cup 2013-14"]
[Site "Stockholm SWE"]
[Date "2013.12.28"]
[Round "2.32"]
[White "Jogstad, Martin"]
[Black "Trygstad, Kristian"]
[Result "1/2-1/2"]
[BlackTitle "FM"]
[WhiteElo "1941"]
[BlackElo "2228"]
[WhiteFideId "1715364"]
[BlackFideId "1501860"]
[EventDate "2013.12.27"]

1. c4 f5 2. g3 Nf6 3. Bg2 e6 4. Nc3 Be7 5. d4 O-O 6. Nf3 d6 7. O-O Ne4 8. Nd2
Nxc3 9. bxc3 e5 10. c5 e4 11. cxd6 cxd6 12. Qb3+ Kh8 13. f3 d5 14. fxe4 dxe4 15.
Ba3 Nc6 16. Bxe7 Qxe7 17. e3 b6 18. Rfc1 Qg5 19. Nf1 Ba6 20. Re1 Na5 21. Qa3 h5
22. Qb2 Rac8 23. Rac1 Rc6 24. h4 Qe7 25. Qb4 Qf7 26. Nd2 Rfc8 27. Bf1 Qc7 28.
Bxa6 Qxg3+ 29. Kf1 Rg6 30. Ke2 Qg4+ 31. Nf3 exf3+ 32. Kd2 Qe4 33. Rg1 Rxg1 34.
Rxg1 Re8 35. Rf1 Qxe3+ 36. Kc2 Qe4+ 37. Bd3 Qd5 38. Qa4 Rc8 39. Re1 Nc6 40. Kb2
Qd6 41. Qd1 Nxd4 42. cxd4 Qxd4+ 43. Kb1 Qb4+ 44. Ka1 Qc3+ 45. Kb1 Rd8 46. Re3
Qb4+ 47. Kc1 Qc5+ 48. Kd2 Qa5+ 49. Kc1 Qa3+ 50. Kb1 Qb4+ 51. Kc1 Qc5+ 52. Kd2
Qa5+ 53. Kc1 Qc5+ 54. Kd2 Qa5+ 55. Kc1 Qc5+ 56. Kd2 1/2-1/2

[Event "Rilton Cup 2013-14"]
[Site "Stockholm SWE"]
[Date "2013.12.28"]
[Round "2.33"]
[White "Zadruzny, Nicolaj"]
[Black "Merkesvik, Sondre"]
[Result "1-0"]
[WhiteElo "2251"]
[BlackElo "2039"]
[WhiteFideId "1709550"]
[BlackFideId "1514350"]
[EventDate "2013.12.27"]

1. d4 Nf6 2. Nc3 d5 3. Bg5 Nbd7 4. Qd3 c6 5. e4 Qa5 6. Bd2 dxe4 7. Nxe4 Qc7 8.
Nf3 g6 9. h4 h5 10. Neg5 Bg7 11. Nxf7 Kxf7 12. Ng5+ Kg8 13. Qxg6 Ne5 14. Bc4+ e6
15. dxe5 Rh6 16. Qf7+ Qxf7 17. Nxf7 Kxf7 18. Bxh6 Bxh6 19. exf6 1-0

[Event "Rilton Cup 2013-14"]
[Site "Stockholm SWE"]
[Date "2013.12.29"]
[Round "3.1"]
[White "Grandelius, Nils"]
[Black "Socko, Bartosz"]
[Result "1-0"]
[WhiteTitle "GM"]
[BlackTitle "GM"]
[WhiteElo "2576"]
[BlackElo "2657"]
[WhiteFideId "1710400"]
[BlackFideId "1107038"]
[EventDate "2013.12.27"]

1. d4 Nf6 2. c4 e6 3. Nc3 Bb4 4. Qc2 O-O 5. Nf3 d6 6. Bg5 Nbd7 7. e3 e5 8. Be2
exd4 9. exd4 Bxc3+ 10. bxc3 b6 11. O-O Bb7 12. Nd2 Re8 13. Bd3 h6 14. Bh4 g5 15.
Bg3 Nh5 16. Rfe1 Ndf6 17. Nf1 Qd7 18. Ne3 Be4 19. Bxe4 Nxe4 20. f3 Nexg3 21.
hxg3 Re6 22. d5 Re5 23. Ng4 Rxe1+ 24. Rxe1 Kg7 25. Qe4 Rf8 26. Kf2 f5 27. Qe7+
Rf7 28. Qxd7 Rxd7 29. Ne3 Nxg3 30. Kxg3 f4+ 31. Kg4 fxe3 32. Rxe3 Rf7 33. Kh5 a5
34. Re4 a4 35. a3 Kf6 36. Kxh6 Rf8 37. Re6+ Kf5 38. Kg7 Rc8 39. Rf6+ Ke5 40. g4
Rg8+ 41. Kxg8 Kxf6 42. Kh7 b5 43. cxb5 Ke5 44. Kg6 Kxd5 45. Kxg5 Kc4 46. f4 Kb3
47. f5 Kxa3 48. f6 Kb2 49. f7 a3 50. f8=Q a2 51. Qf2+ Kb3 52. Qe1 Kb2 53. Kf5 1-0

[Event "Rilton Cup 2013-14"]
[Site "Stockholm SWE"]
[Date "2013.12.29"]
[Round "3.3"]
[White "Piorun, Kacper"]
[Black "Krasenkow, Michal"]
[Result "1/2-1/2"]
[WhiteTitle "GM"]
[BlackTitle "GM"]
[WhiteElo "2560"]
[BlackElo "2633"]
[WhiteFideId "1130420"]
[BlackFideId "1113100"]
[EventDate "2013.12.27"]

1. d4 d5 2. c4 c6 3. Nf3 Nf6 4. e3 Bg4 5. Nbd2 e6 6. Bd3 Nbd7 7. Qc2 Bd6 8. b3
Rc8 9. Bb2 c5 10. O-O cxd4 11. exd4 b6 12. Ne5 Bh5 13. f4 O-O 14. Rae1 Bg6 15.
a3 dxc4 16. bxc4 b5 17. f5 Bxf5 18. Bxf5 exf5 19. Qxf5 bxc4 20. Ndxc4 Nb6 21.
Ne3 Na4 22. Ba1 Bxa3 23. d5 Bb2 24. Bxb2 Nxb2 25. Nc6 Qd6 26. Qg5 Qc5 27. Rxf6
Rfe8 28. Ne5 Qc3 29. Ref1 Qxe5 30. Qxe5 Rxe5 31. R6f3 f6 32. Ra1 Rce8 33. d6 a5
34. Nf5 Nc4 35. Ne7+ Kf7 36. d7 R5xe7 37. dxe8=Q+ Rxe8 38. Rc3 Re4 39. Ra4 Nd6
40. Rc7+ Re7 41. Rxe7+ Kxe7 42. Rxa5 Kf7 43. g4 g5 44. Kf2 Kg6 45. Ra6 Ne8 46.
Rc6 Ng7 47. Kf3 h5 48. h3 hxg4+ 49. hxg4 Kf7 50. Ke4 Ne6 51. Rd6 Ng7 52. Rd7+
Kg6 53. Re7 Kh6 54. Rf7 Kg6 55. Rf8 Ne6 56. Rb8 Ng7 57. Rb7 Ne6 58. Rb6 Ng7 59.
Kd5 Kf7 60. Rb7+ Kg6 61. Ke4 Ne6 62. Ra7 Ng7 63. Re7 Kh6 64. Rf7 Kg6 1/2-1/2

[Event "Rilton Cup 2013-14"]
[Site "Stockholm SWE"]
[Date "2013.12.29"]
[Round "3.4"]
[White "Semcesen, Daniel"]
[Black "Hammer, Jon Ludvig"]
[Result "0-1"]
[WhiteTitle "IM"]
[BlackTitle "GM"]
[WhiteElo "2488"]
[BlackElo "2612"]
[WhiteFideId "1706993"]
[BlackFideId "1503707"]
[EventDate "2013.12.27"]

1. d4 Nf6 2. c4 g6 3. Nc3 d5 4. Nf3 Bg7 5. Qb3 dxc4 6. Qxc4 O-O 7. e4 Na6 8. Qa4
c5 9. d5 e6 10. dxe6 Bxe6 11. Bxa6 bxa6 12. O-O Qb6 13. Qc2 Rab8 14. Rb1 Qc6 15.
Re1 Rb4 16. b3 Rc8 17. Bd2 Rb7 18. h3 Nd7 19. Bf4 a5 20. Rbd1 Nb6 21. Rd6 Qe8
22. Nd5 c4 23. Qd1 c3 24. Bg5 Qf8 25. Ne3 a4 26. e5 axb3 27. axb3 Nd7 28. Nc4
Nc5 29. Nd4 Bxc4 30. bxc4 Bxe5 31. Rxe5 Qxd6 32. Rd5 Qf8 33. Nb5 Ne4 34. Bf4 a6
35. Nd6 Nxd6 36. Bxd6 Qe8 37. Be5 Rd7 38. Bxc3 Rxd5 39. Qxd5 Qe6 40. Qd4 f6 41.
c5 g5 42. Ba5 Kg7 43. Bb6 Qe1+ 44. Kh2 Qe5+ 0-1

[Event "Rilton Cup 2013-14"]
[Site "Stockholm SWE"]
[Date "2013.12.29"]
[Round "3.6"]
[White "Volkov, Sergey"]
[Black "Krupenski, Juri"]
[Result "1-0"]
[WhiteTitle "GM"]
[BlackTitle "FM"]
[WhiteElo "2623"]
[BlackElo "2300"]
[WhiteFideId "4122763"]
[BlackFideId "4501101"]
[EventDate "2013.12.27"]

1. d4 Nf6 2. c4 e6 3. Nc3 Bb4 4. f3 Nc6 5. e4 d5 6. cxd5 exd5 7. e5 Ng8 8. Bb5
Bd7 9. Bxc6 Bxc3+ 10. bxc3 Bxc6 11. a4 a5 12. Ne2 Qd7 13. O-O O-O-O 14. Bg5 Re8
15. f4 f6 16. Bh4 Ne7 17. Ng3 Ng6 18. Qh5 Nxh4 19. Qxh4 f5 20. Qh5 g6 21. Qd1 b6
22. Rf2 Re6 23. Nf1 Bb7 24. Ne3 Rc6 25. Rc1 Kb8 26. Rf3 Rc4 27. Nxc4 dxc4 28.
Re3 Qe6 29. Qe1 Bc6 30. Ra1 Re8 31. Ra2 Bd5 32. Qh4 Re7 33. h3 Kb7 34. Kh2 Ka6
35. Qg5 c6 36. Re1 Rd7 37. Rea1 Be4 38. Qh4 Re7 39. Qg5 Ra7 40. Qh6 Qd7 41. Qf8
Qg7 42. Qc8+ Qb7 43. Qxb7+ Rxb7 44. g4 Re7 45. Kg3 h6 46. Re1 Bd5 47. Rea1 Re6
48. Kf2 Be4 49. Ke3 Re7 50. h4 Bd3 51. Rd2 Be4 52. gxf5 gxf5 53. Rg1 b5 54.
axb5+ 1-0

[Event "Rilton Cup 2013-14"]
[Site "Stockholm SWE"]
[Date "2013.12.29"]
[Round "3.7"]
[White "Tikkanen, Hans"]
[Black "Eggleston, David J"]
[Result "1/2-1/2"]
[WhiteTitle "GM"]
[BlackTitle "FM"]
[WhiteElo "2548"]
[BlackElo "2434"]
[WhiteFideId "1706446"]
[BlackFideId "412120"]
[EventDate "2013.12.27"]

1. c4 Nf6 2. g3 e6 3. Bg2 d5 4. Nf3 Be7 5. O-O O-O 6. d4 dxc4 7. Qa4 a6 8. Qxc4
b5 9. Qc2 Bb7 10. Bd2 Be4 11. Qc1 Qc8 12. b4 Qb7 13. Bc3 a5 14. Nbd2 Bd5 15. a3
axb4 16. Bxb4 Bxb4 17. axb4 Nbd7 18. Qc2 e5 19. Rxa8 Rxa8 20. Rc1 e4 21. Nh4 Ra2
22. Qc3 Be6 23. Qe3 Nd5 24. Bxe4 Nxe3 25. Bxb7 Rxd2 26. fxe3 Bc4 27. Bf3 Nb6 28.
Ng2 Rb2 29. e4 Rxb4 30. e5 Rb3 31. Kf2 b4 32. Ne3 Rc3 33. Rb1 b3 34. Nd1 Rc2 35.
Ne3 Rc3 36. Nd1 Rc2 37. Ne3 Rc3 1/2-1/2

[Event "Rilton Cup 2013-14"]
[Site "Stockholm SWE"]
[Date "2013.12.29"]
[Round "3.8"]
[White "Sjodahl, Pontus"]
[Black "Lintchevski, Daniil"]
[Result "0-1"]
[WhiteTitle "IM"]
[BlackTitle "GM"]
[WhiteElo "2420"]
[BlackElo "2541"]
[WhiteFideId "1700537"]
[BlackFideId "4171055"]
[EventDate "2013.12.27"]

1. d4 d5 2. c4 c6 3. Nf3 Nf6 4. Nc3 a6 5. c5 Bf5 6. Bf4 Nbd7 7. e3 Nh5 8. Be5 f6
9. Bg3 g6 10. Nh4 Be6 11. Qb3 b6 12. cxb6 Nxb6 13. Bd3 Bg7 14. Rc1 O-O 15. Na4
Nxa4 16. Qxa4 Bd7 17. Qc2 e5 18. dxe5 fxe5 19. e4 Qa5+ 20. Qc3 Qxc3+ 21. Rxc3
Nf4 22. Bxf4 exf4 23. Rc2 Rfe8 24. Re2 dxe4 25. Bxe4 Bxb2 26. Nf3 Bc3+ 27. Kf1
Rab8 28. Bc2 Rxe2 29. Kxe2 Rb2 30. Rc1 Kg7 31. Kd3 Bf6 32. a4 Bf5+ 33. Kd2 Be4
34. Kd1 Bd5 35. Rb1 Rxb1+ 36. Bxb1 a5 37. Bc2 Kf7 38. Ke2 Ke7 39. g3 Bc4+ 40.
Kd1 fxg3 41. fxg3 Bd5 42. Ke2 Kd6 43. Nd2 Bd8 44. Ne4+ Ke5 45. Nc5 Kd4 46. Nd7
Be7 0-1

[Event "Rilton Cup 2013-14"]
[Site "Stockholm SWE"]
[Date "2013.12.29"]
[Round "3.9"]
[White "Tsyhanchuk, Stanislav"]
[Black "Blomqvist, Erik"]
[Result "1-0"]
[WhiteTitle "IM"]
[BlackTitle "GM"]
[WhiteElo "2398"]
[BlackElo "2519"]
[WhiteFideId "13505130"]
[BlackFideId "1709437"]
[EventDate "2013.12.27"]

1. c4 e5 2. a3 Nf6 3. e3 g6 4. Nc3 Bg7 5. Qc2 O-O 6. Nf3 Re8 7. d3 c6 8. Be2 d5
9. cxd5 cxd5 10. d4 e4 11. Ne5 Nbd7 12. Nxd7 Bxd7 13. Qb3 Bc6 14. Bd2 Qd7 15.
Rc1 h5 16. h3 h4 17. Bb5 Rac8 18. Bxc6 Rxc6 19. Na4 Rxc1+ 20. Bxc1 Rc8 21. Bd2
Bf8 22. Nc3 Bd6 23. Ke2 Kg7 24. Rc1 Rc6 25. Na4 Rxc1 26. Bxc1 Qc6 27. Nc3 a6 28.
a4 Bc7 29. Bd2 b6 30. Na2 Qd6 31. Nc3 Qh2 32. Nxd5 Qxg2 33. Nxf6 Qf3+ 34. Ke1
Kxf6 35. d5 Qxh3 36. Bc3+ Kg5 37. d6 Bd8 38. Qxf7 Qf5 39. Qe8 h3 40. Qxd8+ Kg4
41. Qh8 Kf3 42. Qh4 1-0